00646nam a2200193 i 450000100060000000300090000600500170001500700030003200800410003510000190007624501350009525000260023026000330025630000450028965000240033470000260035870000360038485200320042093056ES-MaACL20250901090025.0t|050407s1957 sp ||||1| spa d1 aLodge, Thomas.10aProgresos recientes en radiología... / cThomas Lodge; [traducción directa del inglés por J. Mª Vilaseca y J. L. Infiesta]. a[1ª ed. española]. aMadrid : bAlhambra, c1957. aXII, 393 p. : b1 lám., il. ; c22 cm. 7aRadiología2embne1 aVilaseca, J. María.1 aInfiesta Molero, Juan L. de la. aES-MaACLjC-12170 bR.40317